Administración por objetivos y resultados

Guardat en:
Dades bibliogràfiques
Autor principal: Morrisey, George L. (autor)
Format: Llibre
Idioma:espanyol
Publicat: Bogotá Fondo Educativo Interamericano 1976
Matèries:
Etiquetes: Afegir etiqueta
Sense etiquetes, Sigues el primer a etiquetar aquest registre!

MARC

LEADER 00000nam a2200000 a 4500
001 UCY9471
003 CL-VaPUC
008 950717e19760000CK |||||||||||||||||spa|d
082 0 4 |a 658.403  |b MOR  |2 21 
100 |a Morrisey, George L.  |e autor  |9 590905 
245 1 0 |a Administración por objetivos y resultados 
300 |a 130 p 
942 |c BK 
945 |d 19950717 00:00:00  |a cmena 
260 |a Bogotá  |b Fondo Educativo Interamericano  |c 1976 
650 7 |a TECNICAS ADMINISTRATIVAS  |2 CL-VaPUC  |9 338270 
650 0 |a Operaciones administrativas  |9 335045 
650 7 |a METAS  |2 CL-VaPUC  |9 341661 
650 7 |a ESTUDIO DE ORGANIZACION Y METODOS  |2 CL-VaPUC  |9 341662 
650 0 |a Administración de empresas   |9 260833 
650 0 |a Gestión industrial   |9 263790 
650 7 |a MODELOS  |2 CL-VaPUC  |9 262523 
583 |a last modification  |c 19950717 00:00:00  |k Rodrigo Vera 
999 |c 236559  |d 236557 
952 |0 0  |1 0  |4 0  |6 658_403000000000000_MOR_1976  |7 0  |8 P  |9 244723  |a BIBEDU  |b BIBEDU  |c BIBEDU_PB  |d 2019-11-18  |i 1531441  |o 658.403 MOR 1976  |p 1531441  |r 2024-01-25  |w 2019-11-18  |y BK  |k EDU 
952 |0 0  |1 0  |4 0  |6 658_403000000000000_MOR_1976  |7 0  |8 P  |9 244724  |a BIBEDU  |b BIBEDU  |c BIBEDU_PB  |d 2019-11-18  |i 1550934  |o 658.403 MOR 1976  |p 1550934  |r 2024-01-25  |w 2019-11-18  |y BK  |k EDU 
952 |0 0  |1 0  |4 0  |6 658_403000000000000_MOR_1976  |7 0  |8 A  |9 244725  |a BIBGIM  |b BIBGIM  |d 2019-11-18  |i 1402234  |o 658.403 MOR 1976  |p 1402234  |r 2025-01-15  |w 2019-11-18  |y BK  |k SSL